UK Political Party Leaders - Statistics

General Stats
  • This quiz has been taken 27 times
  • The average score is 6 of 9
Answer Stats
Hint Answer % Correct
Conservative Party 318 Theresa May
100%
Labour Party 262 Jeremy Corbyn
96%
SNP 35 Nicola Sturgeon
88%
Green Party 1 Caroline Lucas and Jonathan Bartley
58%
Sinn Fein 7 Gerry Adams
54%
Liberal Democrats 12 Tim Farron
54%
DUP 10 Arlene Foster
50%
Speaker 1 John Bercow
38%
Plaid Cymru 4 Leanne Wood
35%
No matching quizzes found
Score Distribution
Percent of People with Each Score
Percentile by Number Answered
Your Score History
You have not taken this quiz